In the shadow of the Mau Mau. (Record no. 125040)
[ view plain ]
| 000 -LEADER | |
|---|---|
| fixed length control field | 00623nam a2200217 4500 |
| 001 - CONTROL NUMBER | |
| control field | 2687906 |
| 003 - CONTROL NUMBER IDENTIFIER | |
| control field | ARRUPE |
| 005 - DATE AND TIME OF LATEST TRANSACTION | |
| control field | 20160816115852.0 |
| 008 - FIXED-LENGTH DATA ELEMENTS--GENERAL INFORMATION | |
| fixed length control field | 721030s1955 enk 000 0 eng d |
| 035 ## - SYSTEM CONTROL NUMBER | |
| System control number | (OCoLC)ocm00479238 |
| 040 ## - CATALOGING SOURCE | |
| Original cataloging agency | OUN |
| Transcribing agency | OUN |
| Modifying agency | ZCU |
| 050 ## - LIBRARY OF CONGRESS CALL NUMBER | |
| Classification number | DT429.L528 |
| 099 ## - LOCAL FREE-TEXT CALL NUMBER (OCLC) | |
| Classification number | 967.6 |
| -- | L53 |
| 300 ## - PHYSICAL DESCRIPTION | |
| Other physical details | plates, ports., map. |
| Dimensions | 22 cm. |
| 100 1# - MAIN ENTRY--PERSONAL NAME | |
| Personal name | Leigh, Ione. |
| 9 (RLIN) | 25152 |
| 245 10 - TITLE STATEMENT | |
| Title | In the shadow of the Mau Mau. |
| Remainder of title | an eye witness account of the terror in Kenya |
| Statement of responsibility, etc | by Leigh, Ione |
| 260 ## - PUBLICATION, DISTRIBUTION, ETC. (IMPRINT) | |
| Place of publication, distribution, etc | London, |
| Name of publisher, distributor, etc | W. H. Allen, |
| Date of publication, distribution, etc | 1954. |
| 300 ## - PHYSICAL DESCRIPTION | |
| Extent | 217p. |
| 610 20 - SUBJECT ADDED ENTRY--CORPORATE NAME | |
| Corporate name or jurisdiction name as entry element | Mau Mau. |
| 9 (RLIN) | 5399 |
| 942 ## - ADDED ENTRY ELEMENTS (KOHA) | |
| Source of classification or shelving scheme | Library of Congress Classification |
| Koha item type | Monograph ( Printed materials) |
| Withdrawn status | Lost status | Source of classification or shelving scheme | Damaged status | Not for loan | Collection code | Home library | Current library | Shelving location | Date acquired | Total Checkouts | Full call number | Barcode | Date last seen | Price effective from | Koha item type |
|---|---|---|---|---|---|---|---|---|---|---|---|---|---|---|---|
| Library of Congress Classification | Main Collection | ARRUPE LIBRARY | ARRUPE LIBRARY | Main Collection | 16/08/2016 | DT429.L528 | 46500008342 | 07/12/2017 | 16/08/2016 | Monograph ( Printed materials) |